Astérix legionário (Registo nº 50973)

Detalhes MARC
000 -Etiqueta do registo
campo de controlo de comprimento fixo 008090000a22002410004500
001 - Identificador do registo
Campo de controlo 50973
021 ## - Nº depósito legal
Código do país Portugal
Número 29574/89
100 ## - Dados Gerais de Proc.
Dados gerais de processamento 20101230d2010 k y0pory5003 ba
101 0# - Língua da publicação
Língua do texto, banda sonora, etc. Português
102 ## - País de Publicação
País de publicação Portugal
200 1# - Título
Título próprio Astérix legionário
Primeira menção de responsabilidade René Goscinny
Outras menções de responsabilidade il. de Albert Uderzo
210 ## - Publicação, Distribuição
Lugar da edição, distribuição, etc. Lisboa
Nome do editor, distribuidor, etc. Meribérica / Liber
Data da publicação, distribuição, etc. 1989
215 ## - Descrição física
Descrição física 48 p.
Outras indicações físicas Todo il.
225 2# - Colecção
Título próprio da colecção Uma aventura de Astérix
304 ## - Título e responsabilidade
Texto da nota Título original: Asterix legionaire
606 ## - Nome comum
Koha Internal code 2153
Elemento de entrada Literatura para crianças e jovens
Subdivisão de assunto Banda desenhada
675 ## - CDU
Notação 821.133.1-9"19"
Edição BN
Língua da edição Português
675 ## - CDU
Notação 087.5-053.2
Edição BN
Língua da edição Português
700 #1 - Responsabilidade principal
Koha Internal Code 22765
Palavra de ordem Goscinny
Datas 1926-1977
702 #1 - Responsabilidade secundária
Koha Internal Code 45968
Palavra de ordem Uderzo
Outra parte do nome Albert
Datas 1927-2020
Código de função Ilustrador
801 ## - Fonte de origem
País Portugal
Agência BN
Data da última transacção 20101230
090 ## - Números de controlo do sistema (Koha)
Número biblioitem do Koha (gerado automaticamente) 50973
942 ## - Elementos de entrada adicionados (Koha)
Tipo de item no Koha Monografias
Suprimido Disponível no OPAC
999 ## - Campo local
Campo local 50973
Exemplares
Removido (estado) Perdido (estado) Data de aquisição Origem do registo (biblioteca) (codificado) Código da organização que empresta ou é detentora (biblioteca) Código de barras Número de inventário Cota Tipo de circulação (não pode ser emprestado) Tipo de item e material
Disponível Disponível 2010-12-30 Biblioteca EB23 D. Paio Peres Correia Biblioteca EB23 D. Paio Peres Correia BEBDPPC5287 5287 82BD AST Normal Monografias